<?xml version="1.0" encoding="UTF-8"?>
<collection xmlns:xsi="http://www.w3.org/2001/XMLSchema-instance" xsi:schemaLocation="http://www.loc.gov/MARC21/slim http://www.loc.gov/standards/marcxml/schema/MARC21slim.xsd" xmlns="http://www.loc.gov/MARC21/slim">
 <record>
  <leader>00000ctm a22000003a 4500</leader>
  <controlfield tag="001">UP-99796217613424998</controlfield>
  <controlfield tag="003">Buklod</controlfield>
  <controlfield tag="005">20200709094932.0</controlfield>
  <controlfield tag="006">t    gr     000 0 </controlfield>
  <controlfield tag="007">ta</controlfield>
  <controlfield tag="008">200709s2000    xx     d     r    |||| u|</controlfield>
  <datafield tag="035" ind1=" " ind2=" ">
   <subfield code="a">(iLib)UPD-00516573658</subfield>
  </datafield>
  <datafield tag="040" ind1=" " ind2=" ">
   <subfield code="a">DMC</subfield>
   <subfield code="e">rda</subfield>
  </datafield>
  <datafield tag="041" ind1=" " ind2=" ">
   <subfield code="a">eng</subfield>
  </datafield>
  <datafield tag="041" ind1=" " ind2=" ">
   <subfield code="a">fil</subfield>
  </datafield>
  <datafield tag="100" ind1="1" ind2=" ">
   <subfield code="a">Suemith, Merlissa Elpedes</subfield>
   <subfield code="d">1977-</subfield>
   <subfield code="e">author.</subfield>
  </datafield>
  <datafield tag="245" ind1="1" ind2="0">
   <subfield code="a">Separate lives</subfield>
   <subfield code="b">a comparative analysis of the parent-adolescent interpersonal communication in a disrupted family from the perspective of the adolescent</subfield>
   <subfield code="c">by Merlissa Elpedes Suemith.</subfield>
  </datafield>
  <datafield tag="264" ind1=" " ind2="0">
   <subfield code="a">Quezon City</subfield>
   <subfield code="b">College of Mass Communication, University of the Philippines Diliman</subfield>
   <subfield code="c">2000.</subfield>
  </datafield>
  <datafield tag="300" ind1=" " ind2=" ">
   <subfield code="a">169 leaves</subfield>
   <subfield code="b">color illustrations</subfield>
   <subfield code="c">28 cm</subfield>
  </datafield>
  <datafield tag="336" ind1=" " ind2=" ">
   <subfield code="a">text</subfield>
   <subfield code="2">rdacontent</subfield>
  </datafield>
  <datafield tag="337" ind1=" " ind2=" ">
   <subfield code="a">unmediated</subfield>
   <subfield code="2">rdamedia</subfield>
  </datafield>
  <datafield tag="338" ind1=" " ind2=" ">
   <subfield code="a">volume</subfield>
   <subfield code="2">rdacarrier</subfield>
  </datafield>
  <datafield tag="500" ind1=" " ind2=" ">
   <subfield code="a">Vita.</subfield>
  </datafield>
  <datafield tag="502" ind1=" " ind2=" ">
   <subfield code="a">Thesis (A.B. Communication Research)--University of the Philippines Diliman</subfield>
   <subfield code="d">October 2000.</subfield>
  </datafield>
  <datafield tag="506" ind1=" " ind2=" ">
   <subfield code="a">Available to the general public.</subfield>
  </datafield>
  <datafield tag="520" ind1=" " ind2=" ">
   <subfield code="a">This study is a qualitative analysis of the communication process involved in the maintenance of the parent-child relationship in a disrupted family. It looked into the patterns of interaction and the factors that shaped such patterns. It compared the relationship of the relationship of the adolescent to both custodial and noncustodial parents. The framework of the study is relational perception and communication, with particular emphasis on the costs and rewards of relationship. The primary method used in the study was the focus interview supplemented with textual analysis of diaries written by the eight adolescent respondents belonging to disrupted families. Findings of the study reveal that adolescents are affected in negative ways by the separation of their parents. Depending on the adolescent's age and gender, marital separation results to juvenile delinquency, poor school performance and disobedience to parents. This becomes even more pronounced when their parent gets involved in extra-marital affairs or avail of a remarriage. However, adolescents adjust in a favorable manner if the separation helped to create a more peaceful atmosphere at home. It was also found out that boys are more vulnerable to post-separation problems than are girls and that they are more prone to developing negative perceptions of their parents. Between the parents, mothers were found out to be more involved in maintaining ties with their children. Fathers, on the other hand, tend to depend on the reactions of their children to their visits and relations. Adolescent self-disclosure is more bound to happen if the interactions are perceived by the child as rewarding interpersonally and materially. Otherwise, adolescents withdraw from both parents especially from the one that was more at fault in the separation. The adolescents disclose to their parents in differing degrees about their academics, financial needs, s personal views and social relations. Daughters tend to develop closer ties to their mothers than do sons. But whatever the case may be, children find themselves closer to their custodial parent than their noncustodial parent whether it is the mother or the father.</subfield>
  </datafield>
  <datafield tag="650" ind1=" " ind2="0">
   <subfield code="a">Parent-child relations</subfield>
   <subfield code="z">Philippines.</subfield>
  </datafield>
  <datafield tag="710" ind1="2" ind2=" ">
   <subfield code="a">University of the Philippines Diliman</subfield>
   <subfield code="b">College of Mass Communication.</subfield>
  </datafield>
  <datafield tag="905" ind1=" " ind2=" ">
   <subfield code="a">FI</subfield>
  </datafield>
  <datafield tag="905" ind1=" " ind2=" ">
   <subfield code="a">UP</subfield>
  </datafield>
  <datafield tag="852" ind1="0" ind2=" ">
   <subfield code="a">UPD</subfield>
   <subfield code="b">DMC</subfield>
  </datafield>
  <datafield tag="942" ind1=" " ind2=" ">
   <subfield code="a">Thesis</subfield>
  </datafield>
 </record>
</collection>
